[Event "24th Varna it"]
[Site "Golden Sands BUL"]
[Date "1985.05.18"]
[Round "11"]
[White "Spiridonov, Nikola"]
[Black "Donchev, Dimitar"]
[Result "0-1"]
[WhiteElo "2400"]
[BlackElo "2450"]
[EventDate "1985.05.06"]
[PlyCount "108"]

1.c4 Nf6 2.Nc3 e6 3.Nf3 d5 4.cxd5 exd5 5.d4 c6 6.Bg5 Nbd7 7.e3 h6 8.Bh4 
Be7 9.Qc2 O-O 10.Bd3 Re8 11.O-O Ne4 12.Bxe7 Qxe7 13.b4 Qxb4 14.Nxe4 dxe4 
15.Bxe4 Nf6 16.Bf5 Qa5 17.Ne5 Bxf5 18.Qxf5 Qd5 19.Rfc1 b6 20.Qf3 c5 21.
Qxd5 Nxd5 22.Nf3 cxd4 23.Nxd4 Rac8 24.Kf1 a6 25.a4 Rc3 26.Ne2 Rcc8 27.Rab1
f5 28.g3 Kf7 29.Rd1 Rc5 30.Nf4 Nxf4 31.gxf4 b5 32.axb5 axb5 33.Ke2 Re7 34.
Rd4 Ra7 35.Rb2 Ke7 36.f3 Ra4 37.Rxa4 bxa4 38.Rb7+ Kf6 39.Rb6+ Ke7 40.Ra6 
Rc2+ 41.Kd3 Rxh2 42.Rxa4 Rf2 43.Kd4 Rxf3 44.Ke5 Rxe3+ 45.Kxf5 g6+ 46.Kg4 
h5+ 47.Kg5 Rg3+ 48.Kh6 Kf6 49.Ra8 h4 50.Rf8+ Ke6 51.Kg7 h3 52.Rh8 Kf5 53.
Rh4 Ke4 54.Kf6 Kf3 0-1

[Event "24th Varna it"]
[Site "Golden Sands BUL"]
[Date "1985.05.18"]
[Round "11"]
[White "Knaak, Rainer"]
[Black "Lalic, Bogdan"]
[Result "1/2-1/2"]
[WhiteElo "2530"]
[BlackElo "2440"]
[EventDate "1985.05.06"]
[PlyCount "73"]

1.d4 e6 2.c4 d5 3.Nc3 c5 4.cxd5 exd5 5.Nf3 Nc6 6.dxc5 d4 7.Na4 Bxc5 8.Nxc5
Qa5+ 9.Bd2 Qxc5 10.e3 Bg4 11.exd4 Qe7+ 12.Be2 Bxf3 13.gxf3 Nf6 14.Bc3 O-O 
15.Qd2 Rfe8 16.Kf1 Rad8 17.Rg1 g6 18.Rd1 Qe6 19.Rg5 Nd5 20.Re1 Qf6 21.Rg4 
Qf5 22.Kg2 Qf6 23.Rd1 a6 24.Bf1 Nce7 25.Bd3 h5 26.Re4 Nf5 27.Rxe8+ Rxe8 
28.Bxf5 Qxf5 29.Re1 Nf4+ 30.Qxf4 Qxf4 31.Rxe8+ Kg7 32.d5+ f6 33.Re6 Qg5+ 
34.Kf1 Qxd5 35.Rxf6 Kh7 36.a3 g5 37.h3 1/2-1/2